Datum a čas kvízu
17
Celkem bodů
Celkový počet nahraných bodů na tomto kvízu bez doplňovacích otázek.
3.
Pořadí na kvízu
Konečné umístění týmu na tomto kvízu.
Zaznamenané odpovědi
| # | Otázka | Odpověď | Body | Výsledky |
|---|---|---|---|---|
| 1. | Ti, kteří se pořádně zaměřili... | Bureši, čaú | 0 | |
| 2. | Na výročí Světového dne metrol... | Max Planck | 0 | |
| 3. | Zlínský filmový festival minul... | kybernetický útok | 1 | |
| 4. | Rakouský nábytkářský řetězec X... | Kika | 0 | |
| 5. | V pondělí nás opustil Niki Lau... | Laudamotion, Niki | 0.5 | |
| 6. | Jakou barvu má pruh, který je... | černou | 1 | |
| 7. | Kolik vodorovných pruhů tvoří... | čtyři | 0 | |
| 8. | Na bolívijské vlajce je modrý... | D | 1 | |
| 9. | Jakou barvu má prostřední pruh... | zelenou | 0 | |
| 10. | Který z pruhů na vlajce Maďars... | A | 0 |